Score 0/12 Timer 02:00
0 Plays Today
Clue 5-Letter Word % Correct
Month that goes out like a lambMARCH
97.2%
_____ Polo, famed explorerMARCO
96.5%
Tropical fruitMANGO
93.4%
Game, Set, _____MATCH
93.1%
Argentine dance that takes twoTANGO
92.5%
Places a painting on a wallHANGS
89.9%
UsefulHANDY
88.8%
Way to measure horsesHANDS
87.8%
Miranda Cosgrove's character in 'Despicable Me'MARGO
87.3%
October 2012 'Superstorm'- SANDY -
86.9%
Distinct, pungent flavorsTANGS
84%
October 1998 Category 5 hurricane- MITCH -
59.1%

Today's Daily Dose

Remove Ads.
Support Sporcle.
Get the best of Sporcle when you Go Orange. This ad-free experience offers more features, more stats, and more fun while also helping to support Sporcle. Thank you for becoming a member.

You're not logged in!

Compare scores with friends on all Sporcle quizzes.
OR
Log In

Show Comments

Extras

Top Quizzes Today


Score Distribution

Your Account Isn't Verified!

In order to create a playlist on Sporcle, you need to verify the email address you used during registration. Go to your Sporcle Settings to finish the process.

Report this User

Report this user for behavior that violates our Community Guidelines.

Details: